| Registos Bibliográficos associados ao registo de autoridade |
|
Etiqueta de registo: 00254nbm 2200025 450 001 2108255 003 http://id.bnportugal.gov.pt/bib/catbnp/2108255 100 ## $a20220818g18151816k y0pory01030103ba 101 0# $apor$afre 102 ## $aBR$aAT$aFR 105 ## $ay z 000yy 106 ## $ah 200 1# $a [ Documentos sobre questões diplomáticas entre Portugal e França nos anos de 1815-1816]$bManuscrito] 210 #9 $d1815-1816 215 ## $a[14] f.$d38 cm 300 ## $aOriginais (2ª via) e cópias coevas 303 ## $aConjunto de 6 documentos (ofício, adicção a despacho, respostas a ofícios) sobre
questões diplomáticas entre Portugal e França (escravatura, questão de Olivença, devolução
de Caiena) abordadas no Congresso de Viena 303 ## $aTexto do doc. 6 em francês 304 ## $aTít. da capilha: "Documentos sobre várias questões com a França, entre elas os limites
da Guyanna (Brasil) (1815-1816)" 305 ## $aOriginais dos documentos produzidos em Viena, Paris, Rio de Janeiro 307 ## $aDoc. 1 e 4 possuem verso do último f. em branco 307 ## $aDoc. 3, 5 e 6 possuem o último f. em branco 307 ## $aDoc. 4-6 de menor dimensão, 32 cm 307 ## $aDoc. 1 e 2, unidos por cordel, apresentam vestígios da acção de insectos 307 ## $aSublinhado no doc. 1 317 ## $aNota na ficha do Inventário em Fichas Manuscritas da Biblioteca Nacional: "Dos Herdeiros
de Júdice Biker" 517 1# $aDocumentos sobre várias questões com a França, entre elas os limites da Guyanna (Brasil)
(1815-1816) 700 #1 $aPortugal,$bFernando José de,$f1752-1817$3166979 701 #1 $aGama,$bAntónio de Saldanha da,$f1778-1839$4070$3142380 701 #1 $aSilveira,$bJoaquim Lobo da,$f1771-1846$4070$3251218 701 #1 $aLage,$bCamilo Martins,$ffl. 1815$4070$31855932 702 #1 $aMarialva,$b6º Marquês de,$f1775-1823$4660$31727067 702 #1 $aBiker,$bJúlio Firmino Júdice,$f1814-1899$4390$383485 801 #0 $aPT$bBN$gRPC 966 ## $lBN$mRESMAN$sMSS. 42, n. 2, doc. 1-6 971 ## $ccasilva$d20220818 997 ## $aBIBEOD
Etiqueta de registo: 00254nbm 2200025 450 001 2173296 003 http://id.bnportugal.gov.pt/bib/catbnp/2173296 100 ## $a20240718d1820 k y0pory01030103ba 101 0# $apor$afre 102 ## $aPT 106 ## $ah 200 1# $a [ Despacho de Tomás António de Vilanova Portugal para 1.º Conde da Lapa, Manuel de
Almeida e Vasconcelos, com referência à situação do antigo ministro plenipotenciário
do Imperador da Rússia, Mr. Ballk Poleff]$bManuscrito] 210 #9 $aPalácio do Rio de Janeiro,$d13 de Abril de 1820 215 ## $a[6], f.$d32 cm 300 ## $aSegunda via; autógrafo assinado 300 ## $aTexto em francês e português 327 11 $aTem junto cópias de duas cartas, de Camilo Martins Lage.$aNa primeira, datada do Palácio do Rio de Janeiro, 12 de Abril de 1820, e dirigida
ao Barão Tuyll e Tomás António Vilanova Portugal, informa que o rei recebeu a carta
credencial do Imperador da Rússia relativa a Balk Polleff, que estava na corte do
Rio de Janeiro como enviado Extraordinário e Ministro Plenipotenciário, respondeu
por cartaao imperador, a quem o visconde da Lapa a apresentará. Como Balk se vai retirar,
pede ao destinatário que lhe entregue um presente do rei, como é costume dar a quem
se retira. Apesar de Balk Polleff ter dado um passo imprudente, na corte portuguesa,
que o Imperador desaprovou publicamente, este pede ao ministro plenipotenciário português,
que parte para S. Petersburgo, que interceda junto do Imperador para evitar que Balk
continue a sofrer e seja infeliz por esse motivo, sendo restituído à graça de seu
soberano. (f. 3-4)$aNa segunda, escrita em francês, para os mesmos destinatários, datada do Rio de Janeiro,
17 de Abril de 1820, informa que recebeu a carta dirigida por Tomás António Vilanova
Portugal, de 12 de abril, juntamente com o presente para Balk Polleff, que o rei tem
o hábito de oferecer aos ministros estrangeiros que se retiram, e vai providenciar
a sua entrega. Vai também esforçar-se por conseguir que Balk Polloff caia de novo
nas boas graças do Imperador, como quer o rei de Portugal(f. 5-6) 700 #1 $aPortugal,$bTomás António de Vilanova,$f1755-1839$31922335 701 #1 $aLage,$bCamilo Martins,$ffl. 1815$4070$31855932 702 #0 $aLapa,$c1.º Conde da,$f1784-1832$4660$31578943 801 #0 $aPT$bBN$gRPC 966 ## $lBN$mRESMAN$sMSS. 246, n. 26 $x2 971 ## $canacris$d20240718
Etiqueta de registo: 00254nbm 2200025 450 001 2284018 003 http://id.bnportugal.gov.pt/bib/catbnp/2284018 100 ## $a20260409f1815 k y0pory01030103ba 101 0# $apor$afre$aeng 102 ## $aPT 105 ## $ay z 000yy 106 ## $ah 200 1# $a [ Correspondência diplomática entre o governo português no Rio de Janeiro e os representantes
diplomáticos portugueses junto das cortes europeias nos anos de 1814 e 1815]$bManuscrito] 210 #1 $d[Depois de 1815] 215 ## $af., enc.$d35 cm 300 ## $aCópias e originais 304 ## $aTexto em português, francês e inglês 304 ## $aIntegra um conjunto de 4 códices com o título "Mescellanea", com características
e tipologias semelhantes (COD. 6934-COD. 6937) 307 ## $aEx-líbris comemorativo dos 10 anos da Revolução de 28 de Maio de 1926, aposto na guarda
anterior de todas as obras que foram à leitura, na Biblioteca Nacional, no ano de
1936. Divisa «ut videam» 307 ## $aCadernos soltos 307 ## $aEncadernação em pastas de cartão revestida a papel marmoreado; lombada e cantos em
pele castanha gravada a ouro; título a ouro sobre rótulo preto 316 ## $aCota antiga: U-5-14 327 11 $aEntre outros: Ofício do Marquês de Aguiar ao Conde do Funchal informando o envio dos
despachos pelo portador José Joaquim Timóteo de Araújo, datado do Rio de Janeiro,
19 de Outubro de 1814$aofício do Marquês de Aguiar ao Conde do Funchal para que o despacho junto fosse entreque
com a maior brevidade a Francisco José Maria de Brito, datado do Rio de Janeiro, 19
de Outubro de 1814$aOfícios do Marquês de Aguiar a Cipriano Ribeiro Freire, Ministro de Portugal em Londres,
sobre o cumprimento das ordens régias, datados de 1815$a"Carta Regia Expedida do Rio de Jan[eir]o ao Marechal Beresford, Conde de Trancozo",
reconhecendo os grandes serviços prestados à coroa Portuguesa, datada d Rio de Janeiro,
16 de Novembro de 1811$aOfícios do Marquês de Aguiar ao Conde do Funchal sobre o Tratado de Paris, datados
do Rio de Janeiro, 17 de Outubro de 1814$aOfícios de Pedro Francisco Xavier de Brito a Lord Strangfor e ao Marquês de Aguiar
sobre situação politica na Europa$aOfício do Marquês de Aguiar a Cipriano Ribeiro Freire, sobre o Congresso de Viana,
datado do Rio de Janeiro, 16 de Junho de 1815$aOfício de Camilo Martins Lage ao Marquês de Aguiar sobre a Colonia de Caiena, datado
do Rio de Janeiro, 15 de Junho de 1815 516 1# $aMiscelânea 701 #1 $aPortugal,$bFernando José de,$f1752-1817$4070$3166979 701 #1 $aLage,$bCamilo Martins,$ffl. 1815$4070$31855932 702 #1 $aCoutinho,$bDomingos António de Sousa,$f1760-1833$4660$397159 702 #1 $aFreire,$bCipriano Ribeiro,$f1749-1824$4660$3101699 702 #0 $aStrangford,$cLord,$f1780-1855$4660$3123970 801 #0 $aPT$bBN$gRPC
Etiqueta de registo: 00254nbm 2200025 450 001 2284255 003 http://id.bnportugal.gov.pt/bib/catbnp/2284255 100 ## $a20260413f18141818k y0pory01030103ba 101 0# $apor 102 ## $aPT 105 ## $ay z 000yy 106 ## $ah 200 1# $a [ Correspondência diplomática acompanhada de documentos do mesmo carácter, entre
o governo português no Rio de Janeiro e os representantes diplomáticos portugueses
junto das cortes europeias entre 1815 e 1816$bManuscrito] 210 #1 $d[1814-1818] 215 ## $af., enc.$d36 cm 300 ## $aCópias e originais; um doc. assinado pelo rei e com selo de chapa (f. ) 304 ## $aIntegra um conjunto de 4 códices com o título "Mescellanea", com características
e tipologias semelhantes (COD. 6934-COD. 6937) 306 ## $aDatação estabelecida com base nas marcas de água 307 ## $aFolha dobrada e colada entre os f. 307 ## $aManchado pela acção da tinta ferrogálica e humidade; lombada deteriorada na parte
superior 307 ## $aEncadernação em pastas de cartão revestida a papel marmoreado; lombada e cantos em
pele castanha gravada a ouro; título a ouro sobre rótulo preto 316 ## $aCota antiga: U-5-15 327 11 $aEntre outros: Ofícios do Marquês de Aguiar para Cipriano Ribeiro Freire, sobre despachos
reais, relacionados, entre outros assuntos, com o tratado assinado com a Coroa Britanica,
com matérias para as aulas Médico Cirurgias pedidas pelo Cirurgião António de Almeida,
$a"Mappa do valor da Propriedade publica aprehendida nos Reinos de Portugal, Hespanha,
e França pelo Exercito recentemente Commandado por S[ua] Ex[celên]cia Feld Marechal
Duque de Wellington, e reclamada como despojo", assinado por Camillo Martins Lage$aCarta pela qual D. João VI nomeia Cipriano Ribeiro Freire como Ministro Plenipotenciário
junto de Sua Majestade Britânica. Rio de Janeiro, 24 de Abril de 1816$aOfício do Marquês de Aguiar para o Conde dos Arcos, sobre o Tratado de Abolição da
Escravatura a norte do Equador, assinada por Camillo Martins Lage 701 #1 $aPortugal,$bFernando José de,$f1752-1817$4070$3166979 701 #1 $aLage,$bCamilo Martins,$ffl. 1815$4070$31855932 701 #0 $aBarca,$c1º Conde da,$f1754-1817$4070$3103276 702 #1 $aFreire,$bCipriano Ribeiro,$f1749-1824$4660$3101699 702 #0 $aArcos,$c8º Conde dos,$f1771-1828$4660$3254364 711 01 $aPortugal.$bRei,$c1816-1826 (João VI)$4070$399888 801 #0 $aPT$bBN$gRPC
|
|
|